Provincias españolas a su letra - Estadísticas

Estadísticas generales
  • Esta prueba ha sido intentada 9.717 veces
  • La puntuación promedio es 9 de 16
Respuestas en el mapa
Las respuestas están codificadas por una escala verde-roja en el mapa de la prueba según el % correcto abajo.
 
Estadísticas de respuestas
Respuesta % Correcto
M
68%
A
66%
B
65%
C
65%
G
61%
V
60%
H
59%
T
59%
S
58%
L
56%
Z
56%
N
55%
P
51%
J
50%
O
48%
I
40%
No se encontraron pruebas coincidentes
Distribución de puntuación
Porcentaje de gente con cada puntuación
Porcentaje por número respondido
Historial de tus puntuaciones
No has intentado esta prueba.